| 000 | 00401 a2200133 4500 | ||
|---|---|---|---|
| 001 | 91627 | ||
| 082 | _aPR 1592 | ||
| 090 |
_c43782 _d43781 |
||
| 100 | _aAhmar Abbas; Prof Naveed Abbas and Nauman Siddiqui, Advisors | ||
| 245 |
_aEnhancement of Navigation Mission Planning Tool for F-16 & A-5 Aircraft _n52 "B" EC |
||
| 260 |
_aRawalpindi _bNUST _c2000 |
||
| 300 | _a81p | ||
| 500 | _aBE Project Reports | ||
| 942 |
_aCAE NUST _kPR 1592 |
||
| 999 |
_c326700 _d326700 |
||